<?xml version="1.0" encoding="UTF-8"?>
<collection xmlns="http://www.loc.gov/MARC21/slim">
 <record>
  <leader>01129nam a2200241 a 4500</leader>
  <controlfield tag="001">1/54788</controlfield>
  <controlfield tag="008">211223s2017    gr a          000 | gre d</controlfield>
  <datafield tag="020" ind1=" " ind2=" ">
   <subfield code="a">9786185332020</subfield>
  </datafield>
  <datafield tag="040" ind1=" " ind2=" ">
   <subfield code="a">GR-PeUP</subfield>
  </datafield>
  <datafield tag="082" ind1="0" ind2="0">
   <subfield code="a">720.9 ΜΤΠ</subfield>
  </datafield>
  <datafield tag="245" ind1="0" ind2="0">
   <subfield code="a">Μ.Τ.Π.Υ. :</subfield>
   <subfield code="b">ενάμισης αιώνας.</subfield>
  </datafield>
  <datafield tag="260" ind1=" " ind2=" ">
   <subfield code="a">Αθήνα :</subfield>
   <subfield code="b">Εκδόσεις Ελληνικά Ταχυδρομεία,</subfield>
   <subfield code="c">2017.</subfield>
  </datafield>
  <datafield tag="300" ind1=" " ind2=" ">
   <subfield code="a">205 σ. :</subfield>
   <subfield code="b">έγχρ. φωτ. ;</subfield>
   <subfield code="c">30 εκ.</subfield>
  </datafield>
  <datafield tag="504" ind1=" " ind2=" ">
   <subfield code="a">Περιέχει βιβλιογραφικές αναφορές.</subfield>
  </datafield>
  <datafield tag="650" ind1=" " ind2="0">
   <subfield code="a">Historic buildings</subfield>
   <subfield code="z">Greece</subfield>
   <subfield code="z">Athens.</subfield>
  </datafield>
  <datafield tag="650" ind1=" " ind2="0">
   <subfield code="a">Historic buildings</subfield>
   <subfield code="z">Greece</subfield>
   <subfield code="z">Athens</subfield>
   <subfield code="x">Photo Album.</subfield>
  </datafield>
  <datafield tag="650" ind1=" " ind2="4">
   <subfield code="a">Μετοχικό Ταμείο Πολιτικών Υπαλλήλων</subfield>
   <subfield code="x">Φωτογραφικά λευκώματα.</subfield>
  </datafield>
  <datafield tag="650" ind1=" " ind2="4">
   <subfield code="a">Ιστορικά κτήρια</subfield>
   <subfield code="z">Ελλάδα</subfield>
   <subfield code="z">Αθήνα.</subfield>
  </datafield>
  <datafield tag="650" ind1=" " ind2="4">
   <subfield code="a">Φωτογραφικά λευκώματα.</subfield>
  </datafield>
  <datafield tag="650" ind1=" " ind2="4">
   <subfield code="a">Αρχιτεκτονική</subfield>
   <subfield code="x">Ιστορία.</subfield>
  </datafield>
  <datafield tag="710" ind1="2" ind2=" ">
   <subfield code="a">Εθνική Τράπεζα της Ελλάδος.</subfield>
  </datafield>
  <datafield tag="852" ind1=" " ind2=" ">
   <subfield code="a">INST</subfield>
   <subfield code="b">UNIPILB</subfield>
   <subfield code="c">MAIN</subfield>
   <subfield code="e">20211223</subfield>
   <subfield code="h">720.9 ΜΤΠ</subfield>
   <subfield code="p">00181685</subfield>
   <subfield code="q">00181685</subfield>
   <subfield code="t">LOAN</subfield>
   <subfield code="y">0</subfield>
   <subfield code="4">1</subfield>
  </datafield>
  <datafield tag="960" ind1=" " ind2=" ">
   <subfield code="a">ΑΛΜΠΑΝΗ ΤΑΝΙΑ</subfield>
  </datafield>
 </record>
</collection>
